00677nam a22001937a 4500003000400000005001700004008004100021017003800062020001800100040002400118100002500142245014800167260003800315300004000353504001700393600002800410650001900438650002600457OSt20190703182003.0190703s2019 sp o | 000 0 spa d aDL M 9012-2019bOficina DL Madrid a9788441541337 aES-BaUABbcatcCDMR1 aSoriano, Tinod1955-10aAyúdame a mirar b: la biblia del reportaje gráfico : una historia reciente de la fotografía de la mano de Robert Capa... /cTino Soriano aMadrid :bAnaya Multimedia,c2019 a546 p :bfotos b/n i color ;c23 cm aBibliografia10aCapa, Robertd1913-195404aFotoperiodisme04aPeriodistes gràfics